000 01421cam a22004454i 4500
003 PE-LiUPU
005 20250731173453.0
008 150616s r 000 0 d
035 _a(Sirsi) a6528
040 _aPE-LiUPU
_bspa
_cPE-LiUPU
_erda
049 _aPRUA
082 0 4 _a220.7
_bICC
_221
100 1 _aBatten, Loring W.,
_eautor.
245 1 0 _aEzra and Nehemiah :
_ba Critical and Exegetical Commentary
_n15 /
_cLoring W. Batten.
264 1 _aEdinburgh, Gran Bretaña :
_bT. & T. Clark,
_c1980.
300 _a384 páginas ;
_c21 cm.
336 _atext
_2rdacontent
337 _aunmediated
_2rdamedia
338 _avolume
_2rdacarrier
490 0 _aThe International Critical Commentary
505 0 _aComentarios sobre los libros de Esdras y Nehemías -- Esdras Nehemías.
526 _aSEG42
526 _aSEG41
526 _aSEG40
526 _aSEG39
526 _aP94
526 _aP87
526 _aP86
526 _aP85
526 _aP77
526 _aP76
526 _aP35
630 _aBiblia.
_pA.T.
_pEsdras
_xComentarios.
630 _aBiblia.
_pA.T.
_pNehemías
_xComentarios.
910 _ajck
942 _2ddc
_cBOOK
949 _a220.7 ICC 15
_wDEWEY
_c1
_i39900
_lCCODEBUL1
_mBUL
_p00.00
_r0
_sY
_tBOOK
_u19951205
_xTEOLOGIA
_zUNKNOWN
_0COMPRA
_o.STAFF. Colección General
999 _c57671
_d57671
980 _81
_gALBERTO SANCHEZ Responsable de Automatización